000 00760nam a22002417a 4500
005 20131127171456.0
008 131126b xxu||||| |||| 00| 0 eng d
010 _aPUN-7731
020 _c250.00
_a9788182992726
035 _aPN-6849
037 _bDBAD / PUB
037 _bArsee Publishers
040 _adpl
_bpn
082 _a
100 _aਰਾਜਿੰਦਰ ਕੋਰ
245 _aਜਦੋਂ ਖੰਭ ਲੱਗ ਜਾਣ /
_cਰਾਜਿੰਦਰ ਕੋਰ
246 _aJado Khamb Lag Jaan
_bby Rajinder Kaur
260 _aDelhi
_bArsee Publishers
_c2013
270 _bDelhi
_aChandni Chowk
_k011-65966481
300 4 _a167p.
_c22ਸੇਂਮੀ (ਸਜਿਲੱਦ)
942 _2ddc
_cPN
_h
_mਰਾਜਿੰਦ
999 _c80900
_d80900